Running grave (Record no. 241435)
[ view plain ]
| 000 -LEADER | |
|---|---|
| fixed length control field | 01345nam a22002057a 4500 |
| 005 - DATE AND TIME OF LATEST TRANSACTION | |
| control field | 20260515093804.0 |
| 008 - FIXED-LENGTH DATA ELEMENTS--GENERAL INFORMATION | |
| fixed length control field | 260515b |||||||| |||| 00| 0 eng d |
| 020 ## - INTERNATIONAL STANDARD BOOK NUMBER | |
| International Standard Book Number | 9781408730973 |
| 040 ## - CATALOGING SOURCE | |
| Transcribing agency | AL |
| 041 ## - LANGUAGE CODE | |
| Language code of text/sound track or separate title | eng |
| 082 ## - DEWEY DECIMAL CLASSIFICATION NUMBER | |
| Classification number | 823.914 |
| Item number | GALR |
| 100 ## - MAIN ENTRY--PERSONAL NAME | |
| Personal name | Robert Galbraith |
| 100 ## - MAIN ENTRY--PERSONAL NAME | |
| 9 (RLIN) | 263977 |
| 245 ## - TITLE STATEMENT | |
| Title | Running grave |
| 260 ## - PUBLICATION, DISTRIBUTION, ETC. | |
| Place of publication, distribution, etc. | Great Britain |
| Name of publisher, distributor, etc. | Sphere |
| Date of publication, distribution, etc. | 2024 |
| 300 ## - PHYSICAL DESCRIPTION | |
| Extent | vii,1184p |
| Other physical details | PB |
| Dimensions | 20x13cm |
| 365 ## - TRADE PRICE | |
| Source of price type code | English |
| Currency code | ₹ |
| Unit of pricing | ₹799.00 |
| Price effective from | 14-03-2026 |
| Price type code | 6831 |
| Price amount | 639.00 |
| Price note | 20% |
| 520 ## - SUMMARY, ETC. | |
| Summary, etc. | Private Detective Cormoran Strike is contacted by a worried father whose son, Will, has gone to join a religious cult in the depths of the Norfolk countryside.<br/>The Universal Humanitarian Church is, on the surface, a peaceable organisation that campaigns for a better world. Yet Strike discovers that beneath the surface there are deeply sinister undertones, and unexplained deaths.<br/>In order to try to rescue Will, Strike's business partner Robin Ellacott decides to infiltrate the cult and she travels to Norfolk to live incognito amongst them. But in doing so, she is unprepared for the dangers that await her there or for the toll it will take on her . . .<br/>Utterly page-turning, The Running Grave moves Strike and Robin's story forward in the epic, unforgettable seventh instalment of the series. |
| 650 ## - SUBJECT ADDED ENTRY--TOPICAL TERM | |
| Topical term or geographic name entry element | English Fiction |
| 9 (RLIN) | 263976 |
| 942 ## - ADDED ENTRY ELEMENTS (KOHA) | |
| Source of classification or shelving scheme | Dewey Decimal Classification |
| Koha item type | Book |
| Withdrawn status | Lost status | Source of classification or shelving scheme | Damaged status | Not for loan | Collection code | Home library | Current library | Date acquired | Source of acquisition | Cost, normal purchase price | Total Checkouts | Full call number | Barcode | Date last seen | Cost, replacement price | Price effective from | Koha item type |
|---|---|---|---|---|---|---|---|---|---|---|---|---|---|---|---|---|---|
| Dewey Decimal Classification | English | St Aloysius Library | St Aloysius Library | 03/17/2026 | Biblios Book Point Surathkal Mangalore 575014 | 639.00 | 823.914 GALR | 078107 | 05/15/2026 | 799.00 | 03/14/2026 | Book |